MARC

LEADER 00000nam0a2200000 4500
001 98142
005 20231031111233.0
035 |a (RuTPU)RU\TPU\book\105186 
090 |a 98142 
100 |a 20060614d1953 m y0rusy50 ca 
101 0 |a rus 
102 |a RU 
105 |a a z 001zy 
200 1 |a Пеностекло  |f И. И. Китайгородский, Т. Н. Кешишян 
210 |a Москва  |c Промстройиздат  |d 1953 
215 |a 78 с.  |c ил. 
320 |a Библиогр.: с. 79. 
610 1 |a пеностекло 
610 1 |a физико-химические свойства 
610 1 |a получение 
610 1 |a применение 
610 1 |a газообразователи 
610 1 |a применение 
675 |a 666.189.3  |v 3 
675 |a 691.618  |v 3 
700 1 |a Китайгородский  |b И. И. 
701 1 |a Кешишян  |b Т. Н. 
801 1 |a RU  |b 63413507  |c 20060614  |g PSBO 
801 2 |a RU  |b 63413507  |c 20070316  |g PSBO 
942 |c BK